Not a thing to wear

Bibliographic Details
Main Author: Neese,Marcia A.
Format: Book
Published: Usa : Baker street productions ltd. , 1984
Subjects:

MARC

LEADER 00000cam a2200000 7i4500
001 0000072733
005 20170517.0
008 170517
020 |a 01914867059 
090 0 0 |a JF   |b ENG 
100 1 |a Neese,Marcia A. 
245 1 0 |a Not a thing to wear   |c Marcia A.Neese 
260 |a Usa :   |b Baker street productions ltd. ,   |c 1984 
650 0 |a Clothing and dress-fiction 
999 |a 0000505812   |b Book   |c Children Collection   |e Cawangan Pontian